Detalles MARC
| 000 -CABECERA |
| campo de control de longitud fija |
00861nam a2200217 a 4500 |
| 001 - NÚMERO DE CONTROL |
| campo de control |
000036891 |
| 005 - FECHA Y HORA DE LA ÚLTIMA TRANSACCIÓN |
| campo de control |
20200930080012.0 |
| 008 - DATOS DE LONGITUD FIJA--INFORMACIÓN GENERAL |
| campo de control de longitud fija |
120203s1979 sp b 000 0 spa d |
| 020 ## - NÚMERO INTERNACIONAL ESTÁNDAR DEL LIBRO |
| Número Internacional Estándar del Libro |
8420622435 |
| 040 ## - FUENTE DE LA CATALOGACIÓN |
| Centro catalogador/agencia de origen |
DO-SdBNP |
| Lengua de catalogación |
spa |
| Centro/agencia transcriptor |
BNPHU |
| 100 1# - ENTRADA PRINCIPAL--NOMBRE DE PERSONA |
| Nombre de persona |
Coverdale, John F., |
| Fechas asociadas al nombre |
1940- |
| 9 (RLIN) |
63275 |
| 240 10 - TÍTULO UNIFORME |
| Título uniforme |
Italian intervention in the Spanish Civil War. |
| Lenguaje de la obra |
Español |
| 245 13 - MENCIÓN DE TÍTULO |
| Título |
La intervención fascista en la Guerra Civil española / |
| Mención de responsabilidad, etc. |
John F. Coverdale ; versión española de Fernando Santos Fontenla. |
| 260 ## - PUBLICACIÓN, DISTRIBUCIÓN, ETC. |
| Lugar de publicación, distribución, etc. |
Madrid : |
| Nombre del editor, distribuidor, etc. |
Alianza Editorial, |
| Fecha de publicación, distribución, etc. |
1979. |
| 300 ## - DESCRIPCIÓN FÍSICA |
| Extensión |
390 p. : |
| Otras características físicas |
mapa ; |
| Dimensiones |
20 cm. |
| 490 1# - MENCIÓN DE SERIE |
| Mención de serie |
Alianza universidad |
| Designación de volumen o secuencia |
243 |
| 500 ## - NOTA GENERAL |
| Nota general |
Incluye notas al pie de las páginas. |
| 534 ## - NOTA SOBRE LA VERSIÓN ORIGINAL |
| Encabezamiento principal del original |
Título original: |
| Mención de título del original |
Italian intervention in the Spanish Civil War |
| 700 1# - PUNTO DE ACCESO ADICIONAL--NOMBRE DE PERSONA |
| Nombre de persona |
Santos Fontenla, Fernando, |
| Término indicativo de función/relación |
tr. |
| 9 (RLIN) |
48628 |
| 830 #0 - PUNTO DE ACCESO ADICIONAL DE SERIE-TÍTULO UNIFORME |
| Título uniforme |
Alianza universidad; |
| Designación de volumen o secuencia |
243 |
| 9 (RLIN) |
32127 |